00703nam a2200217 a 450000100100000000500170001000800410002702000180006804000250008608200180011110000290012924500910015825000110024926000450026030000280030550000550033350400360038865000130042465000240043765000240046100003593920200930074734.0090716s2011 dr a 000 0 spa d a9789945410495 aDO-SdBNPbspacBNPHU a808.51bH465o1 aHeidelman, Julio Alberto10aOratoria contemporánea :bdisfrute hablando en público /cJulio Alberto Heidelman. a2a ed. aSanto Domingo :bLetra gráfica,c2011. a151 p. :bil. ;c22 cm. aIncluye datos biográfocos del autor en la solapa aIncluye bibliográfia (p. 151) 4aOratoria 4aComunicación oral 4aHablar en público